La conexión cósmica / (Record no. 172518)

MARC details
000 -LEADER
campo de control de longitud fija 00881nam a2200265 i 4500
001 - NÚMERO DE CONTROL
campo de control 172518
003 - IDENTIFICADOR DE NÚMERO DE CONTROL
campo de control ES-MaACL
005 - FECHA Y HORA DE LA ÚLTIMA TRANSACCIÓN
campo de control 20250808011424.0
008 - DATOS DE LONGITUD FIJA--INFORMACIÓN GENERAL
campo de control de longitud fija 090714s1985 sp |||| | spa d
017 ## - NÚMERO DE COPYRIGHT O DE DEPÓSITO LEGAL
Número de copyright o de depósito legal B 16801-1985
020 ## - NÚMERO INTERNACIONAL ESTÁNDAR DEL LIBRO
Número Internacional Estándar del Libro 84-7634-115-6
080 ## - NÚMERO DE LA CLASIFICACIÓN DECIMAL UNIVERSAL
Número de la Clasificación Decimal Universal 573.5
100 0# - ENTRADA PRINCIPAL--NOMBRE DE PERSONA
Nombre de persona Sagan, Carl.
9 (RLIN) 101399
245 13 - MENCIÓN DEL TÍTULO
Título La conexión cósmica /
Mención de responsabilidad, etc. Carl Sagan ; [traducción, Jaime Piñeiro].
260 ## - PUBLICACIÓN, DISTRIBUCIÓN, ETC.
Lugar de publicación, distribución, etc. Barcelona :
Nombre del editor, distribuidor, etc. Orbis,
Fecha de publicación, distribución, etc. 1985.
300 ## - DESCRIPCIÓN FÍSICA
Extensión 255 p. :
Otras características físicas il. ;
Dimensiones 20 cm.
490 1# - MENCIÓN DE SERIE
Mención de serie Biblioteca de divulgación científica ;
Designación de volumen o secuencia 1
500 ## - NOTA GENERAL
Nota general En la cub. : Muy Interesante.
594 ## - Nota al título y mención de responsabilidad
Nota al título y mención de responsabilidad Traducción : The cosmic connection.
650 07 - PUNTO DE ACCESO ADICIONAL DE MATERIA--TÉRMINO DE MATERIA
Término de materia o nombre geográfico como elemento de entrada Vida en otros planetas
Fuente del encabezamiento o término embne
9 (RLIN) 17792
700 0# - ENTRADA AGREGADA--NOMBRE PERSONAL
Nombre de persona Piñeiro, Jaime.
9 (RLIN) 92259
830 0# - PUNTO DE ACCESO ADICIONAL DE SERIE-TÍTULO UNIFORME
Título uniforme Biblioteca de divulgación científica ;
Designación de volumen o secuencia 1
9 (RLIN) 223355
852 ## - LOCALIZACIÓN
Ubicación ES-MaACL
Número de control de estantería E-12836
itemnumber R.143501
Holdings
Estatus retirado Estado de pérdida Estado de daño No para préstamo Biblioteca de origen Biblioteca actual Ubicación en estantería Fecha de adquisición Fuente de adquisición Total de préstamos Signatura topográfica completa Código de barras Visto por última vez Precio de reemplazo Tipo de ítem Koha
        Biblioteca del Ateneo de Madrid Biblioteca del Ateneo de Madrid Depósito 2 14/07/2009     E-12836 1181044 23/02/2023 23/02/2023 Libro impreso